00758nam a2200229Ia 450000500170000000800410001702000240005804000190008204100120010108200130011324500910012626000480021730000140026550400500027965000150032965100250034470000250036985000100039494200070040499900170041195201000042820220929153041.0131103s9999 xx 000 0 und d a1405138017cRs 2287 aLoreto College aEnglish a150bBUS aHandbook of the teaching of psychologycEdited by William Buskist and Stephen F. Davis aMalden, MA, USAbBlackwell Publishingc2006 axii,358p  aIncludes bibliographical references and index aPsychology aPsychology, Teaching aBuskist, William, ed aLCLIB cBK c15763d66242 00102ddc4070aMAINbMAINd2013-11-04l0o150 BUS 45403pB15824r2013-11-04w2013-11-04yBKf